[Event "EU School-ch U15"]
[Site "Budva"]
[Date "2017.06.16"]
[Round "6"]
[White "Tsarev, Alexander"]
[Black "Marko, Pirro"]
[Result "1/2-1/2"]
[WhiteElo "1498"]
[BlackElo "1458"]
[PlyCount "42"]
[EventDate "2017.06.11"]
[EventType "swiss"]
[EventRounds "9"]
[EventCountry "MNE"]
[SourceTitle "EXT 2024"]
[Source "ChessBase"]
[SourceDate "2023.10.10"]
[SourceVersion "1"]
[SourceVersionDate "2023.10.10"]
[SourceQuality "1"]

1. d4 d5 2. Bg5 Nf6 3. Bxf6 gxf6 4. e3 Bf5 5. c4 e6 6. Nf3 Nd7 7. Nc3 c6 8. Bd3 Bg6 9. cxd5 cxd5 10. Bxg6 fxg6 11. Rc1 Rc8 12. Qe2 Nb6 13. 0-0 Bg7 14. e4 0-0 15. exd5 exd5 16. a4 Qd7 17. a5 Nc4 18. b4 Rfe8 19. Qa2 Re6 20. Rc2 Ra6 21. Rfc1 b5 1/2-1/2